Reducción salarial, control interorgánico y estado de derecho (Registro nro. 24178)

Detalles MARC
000 -LEADER
fixed length control field 00334 a2200109 4500
001 - CONTROL NUMBER
control field ART_40063
005 - DATE AND TIME OF LATEST TRANSACTION
control field 20260410161842.0
008 - FIXED-LENGTH DATA ELEMENTS--GENERAL INFORMATION
fixed length control field 260409a
100 1# - MAIN ENTRY--PERSONAL NAME
Personal name Torres, Ismael F.
245 10 - TITLE STATEMENT
Title Reducción salarial, control interorgánico y estado de derecho
773 0# - HOST ITEM ENTRY
Title RAP
Related parts - Año 22, Nº 263 (ago. 2000)
Record control number REV5941

No hay ítems disponibles.